The Simpsons Quiz Stats

 Plays Quiz Updated Sep 7, 2017

Score 0/63 Timer 10:00
4 Plays Today
% Correct
Homer Simpson
98.9%
Bart Simpson
98.7%
Lisa Simpson
97.8%
Marge Simpson
97.5%
Maggie Simpson
95.5%
Abe Simpson
91.8%
Ned Flanders
91.2%
Krusty the Clown
84.2%
Moe Szyslak
83.8%
Itchy
83%
Scratchy
82%
Santa's Little Helper
81.4%
Montgomery Burns
81.3%
Apu Nahasapeemapetilon
80.9%
Milhouse Van Houten
79.7%
Barney Gumble
78.9%
Seymour Skinner
77.8%
Sideshow Bob
74.2%
Duffman
73.9%
Groundskeeper Willie
72.1%
Comic Book Guy
71.9%
Snowball (II)
71.7%
Todd Flanders
71.2%
Ralph Wiggum
70.8%
Nelson Muntz
70.4%
Rod Flanders
69.8%
Chief Wiggum
69.4%
Waylon Smithers
68.5%
Lenny Leonard
68.4%
Carl Carlson
68.2%
Selma Bouvier
68.2%
Otto Mann
66.4%
% Correct
Disco Stu
64.7%
Rev. Lovejoy
63.2%
Mayor Quimby
62.9%
Edna Krabappel
62.4%
Patty Bouvier
62.4%
Maude Flanders
60%
Snake Jailbird
57.6%
Dr. Nick Riviera
57.2%
Dr. Hibbert
55.4%
Eleanor Abernathy
53.8%
Martin Prince
52.6%
Cletus Spuckler
51.6%
Fat Tony
50.2%
Kent Brockman
50%
Hans Moleman
46.9%
Gary Chalmers
45.8%
Professor Frink
44.6%
Troy McClure
44.3%
Lou
43.6%
Kang
34.5%
Rainier Wolfcastle
32%
Lionel Hutz
30.9%
Kodos
29.5%
Helen Lovejoy
28.2%
Mona Simpson
27.2%
Brandine Spuckler
26.3%
Eddie
25.4%
Agnes Skinner
23.9%
Kirk Van Houten
23.3%
Jasper Beardly
23%
Luann Van Houten
20.4%

You're not logged in!

Compare scores with friends on all Sporcle quizzes.
OR
Log In

Sporcle TV

Today on Sporcle TV


Watch our educational content, quiz creation guides, and fun videos on Sporcle TV.

Show Comments

Extras

Top Quizzes Today


Score Distribution

Your Account Isn't Verified!

In order to create a playlist on Sporcle, you need to verify the email address you used during registration. Go to your Sporcle Settings to finish the process.

Report this User

Report this user for behavior that violates our Community Guidelines.

Details: